Architectural Patterns (Record no. 348022)

MARC details
000 -LEADER
fixed length control field 00519nam a2200169Ia 4500
008 - FIXED-LENGTH DATA ELEMENTS--GENERAL INFORMATION
fixed length control field 230718s9999 xx 000 0 und d
020 ## - INTERNATIONAL STANDARD BOOK NUMBER
International Standard Book Number 9781787287495
041 ## - LANGUAGE CODE
Language code of text/sound track or separate title eng
082 ## - DEWEY DECIMAL CLASSIFICATION NUMBER
Classification number 004.65
Item number RAJ
100 ## - MAIN ENTRY--PERSONAL NAME
Personal name Raj P.
9 (RLIN) 198744
245 ## - TITLE STATEMENT
Title Architectural Patterns
Remainder of title Uncover Essential Patterns In The Most Indispensable Realm Of Enterprise Architecture
260 ## - PUBLICATION, DISTRIBUTION, ETC. (IMPRINT)
Date of publication, distribution, etc. 2017
Name of publisher, distributor, etc. Packt
300 ## - PHYSICAL DESCRIPTION
Extent 443
365 ## - TRADE PRICE
Currency code Rs.
Price amount 1299.00
700 ## - ADDED ENTRY--PERSONAL NAME
Personal name Raj P.
9 (RLIN) 198744
906 ## - LOCAL DATA ELEMENT F, LDF (RLIN)
d O:0601704-Aug-2018B:IN24118-Jul-2018
c COMP
b 259.8
Holdings
Withdrawn status Lost status Damaged status Not for loan Home library Current library Date acquired Vendor Budget Code Cost, normal purchase price Bill number Total Checkouts Full call number Barcode Date last seen Discount Cost, replacement price Bill Date Koha item type Original Barcode
        Cummins College of Engineering for Women Pune Cummins College of Engineering for Women Pune 04/08/2018 Pradeep Book Distributors COMP 1039.20 IN241   004.65 CCEP-BK-59229 18/07/2023 259.8 1299.00 18/07/2018 Books 059229